Scramble for Africa 1876-1912 (Record no. 222203)
[ view plain ]
| 000 -LEADER | |
|---|---|
| fixed length control field | 01021nam a22002057a 4500 |
| 005 - DATE AND TIME OF LATEST TRANSACTION | |
| control field | 20220406092742.0 |
| 008 - FIXED-LENGTH DATA ELEMENTS--GENERAL INFORMATION | |
| fixed length control field | 220406b ||||| |||| 00| 0 eng d |
| 020 ## - INTERNATIONAL STANDARD BOOK NUMBER | |
| International Standard Book Number | 0297811304 |
| 040 ## - CATALOGING SOURCE | |
| Transcribing agency | AL |
| 041 ## - LANGUAGE CODE | |
| Language code of text/sound track or separate title | English |
| 082 ## - DEWEY DECIMAL CLASSIFICATION NUMBER | |
| Edition number | 23 |
| Classification number | 960.23 |
| Item number | PAKS |
| 100 ## - MAIN ENTRY--PERSONAL NAME | |
| Personal name | Thomas Pakenham |
| 100 ## - MAIN ENTRY--PERSONAL NAME | |
| 9 (RLIN) | 27815 |
| 245 ## - TITLE STATEMENT | |
| Title | Scramble for Africa 1876-1912 |
| 260 ## - PUBLICATION, DISTRIBUTION, ETC. | |
| Place of publication, distribution, etc. | London |
| Name of publisher, distributor, etc. | Weidenfeld And Nicolson |
| Date of publication, distribution, etc. | 1993 |
| 300 ## - PHYSICAL DESCRIPTION | |
| Extent | xix,738 p. |
| Other physical details | HB |
| Dimensions | 25.5x17.5 cm. |
| 520 ## - SUMMARY, ETC. | |
| Summary, etc. | In 1880 the continent of Africa was largely unexplored by Europeans. Less than thirty years later, only Liberia and Ethiopia remained unconquered by them. The rest - 10 million square miles with 110 million bewildered new subjects - had been carved up by five European powers (and one extraordinary individual) in the name of Commerce, Christianity, 'Civilization' and Conquest. The Scramble for Africa is the first full-scale study of that extraordinary episode in history. |
| 650 ## - SUBJECT ADDED ENTRY--TOPICAL TERM | |
| Topical term or geographic name entry element | Africa History |
| 9 (RLIN) | 27816 |
| 700 ## - ADDED ENTRY--PERSONAL NAME | |
| Personal name | PAKENHAM (Thomas) |
| 9 (RLIN) | 27817 |
| 942 ## - ADDED ENTRY ELEMENTS (KOHA) | |
| Source of classification or shelving scheme | Dewey Decimal Classification |
| Koha item type | George Fernandes Collections |
| Withdrawn status | Lost status | Source of classification or shelving scheme | Damaged status | Not for loan | Collection code | Home library | Current library | Date acquired | Total Checkouts | Full call number | Barcode | Date last seen | Price effective from | Koha item type |
|---|---|---|---|---|---|---|---|---|---|---|---|---|---|---|
| Dewey Decimal Classification | History | St Aloysius Library | St Aloysius Library | 03/24/2013 | 960.23 PAKS | GF03342 | 04/06/2022 | 04/06/2022 | George Fernandes Collections |